000
00332nam a22001457a 4500
020
_a
978-93-525-3014-4
041
_a
ENG
100
_a
RAO .R
245
_a
High School English Grammar & Composition
250
_a
Regular
260
_a
new Delhi
_b
S. Chand
_c
2015
300
_a
754
650
_a
UPSC
856
_u
Competitive Exam
999
_c
218
_d
218